Automated Valuation Models [AVMs] (Record no. 115212)
[ view plain ]
| 000 -LEADER | |
|---|---|
| fixed length control field | 01112cad a22002535a 4500 |
| 001 - CONTROL NUMBER | |
| control field | L158229 |
| 008 - FIXED-LENGTH DATA ELEMENTS--GENERAL INFORMATION | |
| fixed length control field | 131216s2013 xxk f 000 0 eng d |
| 020 ## - INTERNATIONAL STANDARD BOOK NUMBER | |
| International Standard Book Number | 9781783210428 |
| 035 ## - SYSTEM CONTROL NUMBER | |
| System control number | (Sirsi) u158229 |
| 041 0# - LANGUAGE CODE | |
| Language code of text/sound track or separate title | eng |
| 110 2# - MAIN ENTRY--CORPORATE NAME | |
| Corporate name or jurisdiction name as entry element | Royal Institution of Chartered Surveyors |
| 9 (RLIN) | 4900 |
| 245 00 - TITLE STATEMENT | |
| Title | Automated Valuation Models [AVMs] |
| Medium | [electronic resource] |
| Remainder of title | [archived] |
| 250 ## - EDITION STATEMENT | |
| Edition statement | 1st edition |
| 260 ## - PUBLICATION, DISTRIBUTION, ETC. | |
| Place of publication, distribution, etc. | London |
| Name of publisher, distributor, etc. | RICS |
| Date of publication, distribution, etc. | 2013 |
| 490 #0 - SERIES STATEMENT | |
| Series statement | RICS Information Paper |
| 520 ## - SUMMARY, ETC. | |
| Summary, etc. | Intended for RICS members and others including lenders and similar institutions, the paper considers the use of Automated Valuation Models (AVMs) in the UK. Areas covered include types of model, property attribute data, market stratification, the application of AVMs and AVM selection and use. |
| 590 ## - LOCAL NOTE (RLIN) | |
| Local note | KA |
| 651 #4 - SUBJECT ADDED ENTRY--GEOGRAPHIC NAME | |
| Geographic name | United Kingdom |
| 690 ## - LOCAL SUBJECT ADDED ENTRY--TOPICAL TERM (OCLC, RLIN) | |
| Topical term or geographic name as entry element | Valuation |
| 9 (RLIN) | 6273 |
| 700 1# - ADDED ENTRY--PERSONAL NAME | |
| Personal name | Bradford, Tim |
| 700 1# - ADDED ENTRY--PERSONAL NAME | |
| Personal name | Rispin, Chris |
| 856 40 - ELECTRONIC LOCATION AND ACCESS | |
| Uniform Resource Identifier | <a href="https://www.isurv.com/download/downloads/id/5814/archive_automated_valuation_models_avms_2013%E2%80%93june_2018.pdf">https://www.isurv.com/download/downloads/id/5814/archive_automated_valuation_models_avms_2013%E2%80%93june_2018.pdf</a> |
| Public note | Archived on isurv (subscription required) |
| 942 ## - ADDED ENTRY ELEMENTS (KOHA) | |
| Suppress in OPAC | 0 |
| Source of classification or shelving scheme | Dewey Decimal Classification |
| Withdrawn status | Lost status | Source of classification or shelving scheme | Damaged status | Not for loan | Home library | Current library | Shelving location | Date acquired | Total Checkouts | Full call number | Date last seen | Copy number | Koha item type |
|---|---|---|---|---|---|---|---|---|---|---|---|---|---|
| Dewey Decimal Classification | Virtual | Virtual | Online | 22/10/2014 | isurv | 24/07/2023 | 1 | Online material |